000 00360nam a22001337a 4500
008 250314b |||||||| |||| 00| 0 eng d
020 _a9783527408306
050 _aQC20
_b.M35
100 _aArendt Wolfgang
245 _aMathematical Analysis of Evolution Information and Complexity
260 _aWeinheim
_bWiley-VCH
_c2007
300 _aXXIX,472P
942 _cBK
999 _c2322
_d2322